| 000 | 00865pam a2200301 a 4500 | ||
|---|---|---|---|
| 001 | 1478058 | ||
| 003 | OSt | ||
| 005 | 20140310181646.0 | ||
| 008 | 870727s1988 nyu j 000 1 eng | ||
| 010 | _a 87021404 | ||
| 020 | _a0803705352 (lib. bdg.) | ||
| 020 | _a0803705123 (hard) | ||
| 040 |
_aDLC _cDLC _dDLC |
||
| 042 | _alcac | ||
| 050 | 0 | 0 |
_aPZ 7 _b.B413 1988 |
| 082 | 0 | 0 |
_aKF _bB41l 1988 |
| 100 | 1 |
_aBellairs, John. _94850 |
|
| 245 | 1 | 4 |
_aThe lamp from the warlock's tomb / _cJohn Bellairs ; frontispiece by Edward Gorey. |
| 250 | _a1st ed. | ||
| 260 |
_aNew York : _bDial Books for Young Readers, _cc1988. |
||
| 300 |
_a168 p. ; _c22 cm. |
||
| 541 | _j1 | ||
| 562 | _e1 | ||
| 650 | 1 |
_aMystery and detective stories. _93790 |
|
| 650 | 1 |
_aMagic _xFiction. _96325 |
|
| 906 |
_a7 _bcbc _corignew _d1 _eocip _f19 _gy-gencatlg |
||
| 942 |
_2lcc _cBK-KF _kKF |
||
| 999 |
_c897 _d897 |
||